00870 2200301 4500001002100000005001500021035002000036007000300056008004100059082001800100084002000118090002200138100006600160245006800226300002400294650001800318700002600336850001200362264003200374336002100406337003000427338002300457246002300480040002200503041000800525546002400533990001100557INLIS00000000084983620190724124049 a0010-0719000837ta190724s1954 jii g 0 | d04223a181.19822 a181.19822 RAN w aL 181.19822 RAN w1 aRanggawarsitacR. Ng.ePengarangqRaden Ngabehi Ranggawarsita1 aWirid hidajat-djati /cR. Ng. Ranggawarsita, penyusun R. Tanojo a74 halaman ;c18 cm 4aFilsafat Jawa1 aTanojocR.gPengarang aYOPDYOG3 aSurabaja :bTrimurti,c1954 2rdacontentateks 2rdamediaatanpa perantara 2rdacarrieravolume aWirid hidayat-jati aYOPDYOGbinderda0 ajav aTeks berbahasa Jawa a2073-B